000 00533nam a2200157Ia 4500
008 230907s9999||||xx |||||||||||||| ||und||
082 _a621.3
_bTAL
100 _aTalha Hussain Shah (00000317797)
_9116752
245 0 _aGrid-Connected Photovoltaics Electric Vehicles Charging Stations on Existing Service-Areas on Motorway in Pakistan /
260 _aUSPCAS-E, NUST,
_bIslamabad :
_c2022
300 _axii, 72 p.
520 _aTH-419
650 _aMS-ESE Thesis MS Thesis
700 _aDr Sehar Shakir
_9117750
942 _cTHE
_2ddc
999 _c602097
_d602097